000
00338nam a2200145Ia 4500
008
230718s9999 xx 000 0 und d
041
_a
Eng.
082
_a
342.5
_b
SAH-T
100
_a
Saharay H.K.
245
4
_a
The Constitution of India
260
_a
Pakistan
_b
Eastren Law House
_c
1998
300
_a
904
650
_a
Law
999
_c
29928
_d
29928